header

The INTELSAT global satellite system (Record no. 224207)

MARC details
000 -LEADER
fixed length control field 01425nam a2200349 a 4500
082 04 - DEWEY DECIMAL CLASSIFICATION NUMBER
Classification number 629.1 s
-- 384
245 04 - TITLE STATEMENT
Title The INTELSAT global satellite system
260 ## - PUBLICATION, DISTRIBUTION, ETC. (IMPRINT)
Place of publication New York, N.Y. :
Name of publisher American Institute of Aeronautics and Astronautics, Inc.,
Year of publication c1984.
300 ## - PHYSICAL DESCRIPTION
Number of Pages ix, 419 p. :
Other physical details ill., ports.
490 1# - SERIES STATEMENT
Series statement Progress in astronautics and aeronautics ;
650 #0 - SUBJECT ADDED ENTRY--TOPICAL TERM
Topical Term Artificial satellites in telecommunication.
700 1# - ADDED ENTRY--PERSONAL NAME
Personal name Alper, Joel.
Personal name Pelton, Joseph N.
856 40 - ELECTRONIC LOCATION AND ACCESS
Uniform Resource Identifier http://site.ebrary.com/lib/rucke/Doc?id=10516634

No items available.

© 2026 Rongo University
Contact us: librarian | system librarian | Rongo university